00310nam a22000977a 4500008004100000082002100041100003300062245009000095260001900185300000800204230602b xxu||||| |||| 00| 0 eng d a304.6096762bKEN cCentral Bureau of statistics aAnalytical report on Educationbvolume viiickenya 1999 population and housing census aNairobi, kenya a85p